000
00244nam a2200085Ia 4500
245
0
_a
Cakebread, pudding & pie
100
_a
Maritz, Callie Cape Town, South Africa, 2011
_9
85500
942
_c
BK
008
210817s9999 xx 000 0 und d
999
_c
319773
_d
319772